|
|
|
|
| LEADER |
00635nam#a2200229#a#4500 |
| 001 |
001747 |
| 005 |
20160721142141.0 |
| 008 |
960506s1993####mx##################spa#d |
| 020 |
|
|
|a 970100258X
|
| 040 |
|
|
|a AR-BeUNQ
|
| 099 |
|
|
|a 18-C4
|
| 100 |
1 |
|
|a Cairó, Osvaldo
|
| 245 |
0 |
2 |
|a Estructuras de datos
|c Osvaldo Cairó, Silvia Guardati Buemo.
|
| 260 |
|
|
|a México D.F :
|b McGraw-Hill,
|c 1993
|
| 300 |
|
|
|a xvi,425 p. :
|b gráficos, tablas
|
| 650 |
|
7 |
|a ALGORITMOS
|2 spines
|
| 653 |
|
|
|a ESTRUCTURAS DE DATOS
|
| 653 |
|
|
|a PROGRAMAS DE COMPUTADORAS
|
| 700 |
1 |
|
|a Guardati Buemo, Silvia
|
| 929 |
|
|
|j 13728
|
| 942 |
|
|
|c LIB
|n 0
|
| 999 |
|
|
|c 4548
|d 79935
|